Pier Paolo Pasolini, una storicità poetica /
I tiakina i:
| Kaituhi matua: | |
|---|---|
| Ētahi atu kaituhi: | , , |
| Hōputu: | Pukapuka |
| Reo: | Itāriana |
| I whakaputaina: |
Roma :
Empirìa,
1997
|
| Rangatū: | Saggi ;
5 |
| Ngā Tūtohu: |
Kāore He Tūtohu, Me noho koe te mea tuatahi ki te tūtohu i tēnei pūkete!
|
MARC
| LEADER | 00000nam a22000007i 4500 | ||
|---|---|---|---|
| 001 | IT\ICCU\RML\0067352 | ||
| 003 | ItRI | ||
| 005 | 20250728165425.0 | ||
| 008 | 971125s1997 it |||||| ||||| |||||c | ||
| 020 | |a 8885303560 | ||
| 040 | |b ita |c Arcigay Viterbo | ||
| 041 | 7 | |a ita |2 ISO-639-2 | |
| 082 | |a 851.914 |2 21 | ||
| 100 | 1 | |a Jewell, Keala |0 IT\ICCU\UBOV\100029 |4 aut | |
| 240 | 1 | 4 | |a The poiesis of history. |9 Jewell, Keala |
| 245 | 1 | 0 | |a Pier Paolo Pasolini, una storicità poetica / |c Keala Jewell ; introduzione di Biancamaria Frabotta ; traduzione di Riccardo Duranti e Francesca Olivieri. |
| 260 | |a Roma : |b Empirìa, |c 1997 | ||
| 300 | |a 139 p. ; |c 21 cm. | ||
| 500 | |a Da | ||
| 700 | 1 | |a Duranti, Riccardo |0 IT\ICCU\CFIV\024417 | |
| 700 | 1 | |a Frabotta, Biancamaria |0 IT\ICCU\CFIV\106128 | |
| 700 | 1 | |a Olivieri, Francesca |0 IT\ICCU\CFIV\111092 | |
| 830 | 0 | |a Saggi ; |v 5 |0 IT\ICCU\MIL\0133027 | |
| 942 | |2 ddc |c BK |n 0 | ||
| 952 | |0 0 |1 0 |2 ddc |4 0 |6 851_914000000000000_JEW_PIE |7 0 |9 9377 |a VT |b VT |d 2025-07-28 |e Donazione Maurizio Gregorini |i B85 |l 0 |o 851.914 JEW PIE |p B85 |r 2025-07-28 16:57:08 |w 2025-07-28 |y BK | ||
| 981 | 1 | |6 z01 |a i |b xxxe | |
| 982 | 1 | |6 z01 |a n | |
| 999 | |c 7827 |d 7827 | ||